| 000 | 00960nam a22002897a 4500 | ||
|---|---|---|---|
| 001 | 7919 | ||
| 003 | FISKH | ||
| 005 | 20250820101846.0 | ||
| 008 | 250814b cb ||||| |||| 00| 0 eng d | ||
| 020 | _a9780531222256 | ||
| 040 |
_aFISKH _beng _cFISKH _dFISKH |
||
| 050 | _aQL49.C595 | ||
| 082 | _a591.75 | ||
| 100 | _aClarke, Penny | ||
| 245 |
_aScary creatures of the city / _cWritten by Penny Clarke ; Created and Designed by David Salariya |
||
| 250 | _aThis edition first published 2009 | ||
| 260 |
_aNew York : _bFranklin, _c2009 |
||
| 300 |
_a32 pages : _bcolor illustrations ; _c29 cm |
||
| 505 | _aZ | ||
| 520 | _aExplores why wild animals come to cities? What harm can they do to us? Can we ever get them to leave? Includes see-through pages. | ||
| 521 | 8 |
_a920
_bLexile |
|
| 521 | 8 |
_aZ
_bRaz-Plus |
|
| 650 |
_2Animals _aLight green |
||
| 650 |
_2Urban animals--Juvenile literature. _aScary |
||
| 942 |
_2ddc _cBK _n0 |
||
| 999 |
_c7919 _d7919 |
||